000 00816nam a2200325 a 4500
003 AR-BaBNM
005 20251128205350.0
008 082120s2002 ||||||||||||||000 | spa||
020 _a973-97473-7-X
040 _cAR-BaBNM
100 1 _aSasu, Aurel
245 0 0 _aGeorge Pomutz
_bthe legend lives on
260 _aBucarest
_bGalaxia
_c1996
300 _a185 p.
_bil., láms.
504 _aBibliografía p. 176-180.
650 4 _aHISTORIA ECONOMICA
650 4 _aHISTORIA SOCIAL
650 4 _aGUERRA CIVIL
650 4 _aESCLAVITUD
650 4 _aHISTORIA MODERNA
650 4 _aHISTORIA NORTEAMERICANA
650 4 _aBIOGRAFIAS
651 4 _aRumania
651 4 _aEuropa
651 4 _aEstados Unidos
653 _aGUERRA DE SECESION
655 _aBIOGRAFIAS
942 _cBK
998 _cmariana
999 _c11108
_d11108